<?xml version="1.0" encoding="UTF-8"?><?xml-stylesheet type="text/xsl" href="static/style.xsl"?><OAI-PMH xmlns="http://www.openarchives.org/OAI/2.0/" xmlns:xsi="http://www.w3.org/2001/XMLSchema-instance" xsi:schemaLocation="http://www.openarchives.org/OAI/2.0/ http://www.openarchives.org/OAI/2.0/OAI-PMH.xsd"><responseDate>2026-04-17T20:24:24Z</responseDate><request verb="GetRecord" identifier="oai:www.recercat.cat:10230/60111" metadataPrefix="marc">https://recercat.cat/oai/request</request><GetRecord><record><header><identifier>oai:recercat.cat:10230/60111</identifier><datestamp>2025-12-21T17:58:19Z</datestamp><setSpec>com_2072_6</setSpec><setSpec>col_2072_452952</setSpec></header><metadata><record xmlns="http://www.loc.gov/MARC21/slim" xmlns:dcterms="http://purl.org/dc/terms/" xmlns:xsi="http://www.w3.org/2001/XMLSchema-instance" xmlns:doc="http://www.lyncode.com/xoai" xsi:schemaLocation="http://www.loc.gov/MARC21/slim http://www.loc.gov/standards/marcxml/schema/MARC21slim.xsd">
   <leader>00925njm 22002777a 4500</leader>
   <datafield ind2=" " ind1=" " tag="042">
      <subfield code="a">dc</subfield>
   </datafield>
   <datafield ind2=" " ind1=" " tag="720">
      <subfield code="a">Masbernat-Almenara, Maria</subfield>
      <subfield code="e">author</subfield>
   </datafield>
   <datafield ind2=" " ind1=" " tag="720">
      <subfield code="a">Rubi-Carnacea, Francesc</subfield>
      <subfield code="e">author</subfield>
   </datafield>
   <datafield ind2=" " ind1=" " tag="720">
      <subfield code="a">Opisso, Eloy</subfield>
      <subfield code="e">author</subfield>
   </datafield>
   <datafield ind2=" " ind1=" " tag="720">
      <subfield code="a">Duarte Oller, Esther</subfield>
      <subfield code="e">author</subfield>
   </datafield>
   <datafield ind2=" " ind1=" " tag="720">
      <subfield code="a">Medina-Casanovas, Josep</subfield>
      <subfield code="e">author</subfield>
   </datafield>
   <datafield ind2=" " ind1=" " tag="720">
      <subfield code="a">Valenzuela-Pascual, Fran</subfield>
      <subfield code="e">author</subfield>
   </datafield>
   <datafield ind2=" " ind1=" " tag="260">
      <subfield code="c">2024-05-13T08:06:50Z</subfield>
   </datafield>
   <datafield ind2=" " ind1=" " tag="260">
      <subfield code="c">2024-05-13T08:06:50Z</subfield>
   </datafield>
   <datafield ind2=" " ind1=" " tag="260">
      <subfield code="c">2023</subfield>
   </datafield>
   <datafield ind2=" " ind1=" " tag="520">
      <subfield code="a">Purpose: This study describes the development of a questionnaire for assessing the usability of assistive technologies accessible to people with neurological diseases.&#xd;
&#xd;
Methods: A Delphi study was conducted to identify relevant items for the questionnaire. After that, the content validity was addressed to identify the essential items. Once the questionnaire was designed following the results of the Delphi study and content validity, the reliability, validity, and the Rasch model of the questionnaire were examined.&#xd;
&#xd;
Results: Two rounds of the Delphi study were carried out. A total of 73 participants (42 experts and 31 users) participated in round 1, and 59 people (27 experts and 32 users) in round 2. A total of 53 and 29 items were identified in rounds 1 and 2, respectively. In the content validity, we found nine items above the threshold of 0.58. Finally, ten items were included in the questionnaire. Fifty-one participants participate in the reliability and validity of the questionnaire. The internal consistency reliability of the questionnaire analyzed by Cronbach&amp;apos;s Alpha was α = 0,895. There was moderate to considerable concordance among our questionnaire items test-retest in the Kappa coefficient and a strong association between test-retest in the Spearman&amp;apos;s coefficient ρ = 0.818 (p&amp;lt;0,001). The intraclass correlation coefficient was 0,869 with a 95% confidence interval (0,781;0,923). There was a strong correlation between the total scores of the new questionnaire and other validated questionnaires analyzed with Spearman&amp;apos;s coefficient ρ = 0.756 (p&amp;lt;0,001). The ten items demonstrated a satisfactory fit to the Rasch model.&#xd;
&#xd;
Conclusions: The present study suggested that the new questionnaire is a reliable 10-item usability questionnaire that allows subjective and quick assessment of the usability of assistive technologies by people with neurological diseases.</subfield>
   </datafield>
   <datafield tag="653" ind2=" " ind1=" ">
      <subfield code="a">Assistive technologies</subfield>
   </datafield>
   <datafield tag="653" ind2=" " ind1=" ">
      <subfield code="a">Questionnaires</subfield>
   </datafield>
   <datafield tag="653" ind2=" " ind1=" ">
      <subfield code="a">Ergonomics</subfield>
   </datafield>
   <datafield tag="653" ind2=" " ind1=" ">
      <subfield code="a">Psychometrics</subfield>
   </datafield>
   <datafield tag="653" ind2=" " ind1=" ">
      <subfield code="a">Quality of life</subfield>
   </datafield>
   <datafield tag="653" ind2=" " ind1=" ">
      <subfield code="a">Stroke</subfield>
   </datafield>
   <datafield tag="653" ind2=" " ind1=" ">
      <subfield code="a">Traumatic brain injury</subfield>
   </datafield>
   <datafield tag="653" ind2=" " ind1=" ">
      <subfield code="a">Wheelchairs</subfield>
   </datafield>
   <datafield ind2="0" ind1="0" tag="245">
      <subfield code="a">Developing an assistive technology usability questionnaire for people with neurological diseases</subfield>
   </datafield>
</record></metadata></record></GetRecord></OAI-PMH>